The Tar̓íkh-i-Jahán-gushá of ʿAláu̓ d̓-Dín ʿAṭá Malik-i-Juwayní (composed in A.H. 658=A.D. 1260) / (Record no. 25889)
[ view plain ]
| 000 -LEADER | |
|---|---|
| fixed length control field | 01372nam a2200289 a 4500 |
| 001 - CONTROL NUMBER | |
| control field | 25889 |
| 003 - CONTROL NUMBER IDENTIFIER | |
| rucl marc code | BD-RjUL |
| 005 - DATE AND TIME OF LATEST TRANSACTION | |
| control field | 20211209050936.0 |
| 008 - FIXED-LENGTH DATA ELEMENTS--GENERAL INFORMATION | |
| fixed length control field | 140319r19521912enka b 000 0 ara d |
| 035 ## - SYSTEM CONTROL NUMBER | |
| System control number | (BD-RjUL)25959 |
| 040 ## - CATALOGING SOURCE | |
| Original cataloging agency | NLW |
| Transcribing agency | NLW |
| Modifying agency | MnU |
| -- | UkOxU |
| -- | BD-RjUL |
| Language of cataloging | eng |
| 041 0# - LANGUAGE CODE | |
| Language code of text/sound track or separate title | araeng |
| 082 ## - DEWEY DECIMAL CLASSIFICATION NUMBER | |
| Classification number | 951.7 |
| Author mark and year | JUT V-16 1952 |
| 100 1# - MAIN ENTRY--PERSONAL NAME | |
| Personal name | Juvaynī, ʿAlāʼ al-Dīn ʿAṭā Malik, |
| Dates associated with a name | 1226-1283. |
| 9 (RLIN) | 79549 |
| 245 14 - TITLE STATEMENT | |
| Title | The Tar̓íkh-i-Jahán-gushá of ʿAláu̓ d̓-Dín ʿAṭá Malik-i-Juwayní (composed in A.H. 658=A.D. 1260) / |
| Statement of responsibility, etc. | edited with an introduction, notes and indices from several old mss. by Mírzá Muḥammad ibn ʿAbdul̓-Wahháb-i-Qazwíní |
| Number of part/section of a work | Volume XVI |
| 260 ## - PUBLICATION, DISTRIBUTION, ETC. (IMPRINT) | |
| Place of publication, distribution, etc. | London : |
| Name of publisher, distributor, etc. | Luzac, |
| Date of publication, distribution, etc. | 1912 [reptinted 1952] |
| 300 ## - PHYSICAL DESCRIPTION | |
| Pagination | xciii, 199 p. : |
| Illustrations | ill. ; |
| Size | 26 cm. |
| 490 1# - SERIES STATEMENT | |
| Series statement | "E. J. W. Gibb memorial" series ; |
| Volume/sequential designation | v. 16, 1-3 |
| 504 ## - BIBLIOGRAPHY, ETC. NOTE | |
| Bibliography, etc | Includes bibliographical references. |
| 505 0# - FORMATTED CONTENTS NOTE | |
| Formatted contents note | pt. 1. Containing the history of Chingíz Khán and his successors -- pt. 2. Containing the history of the Khwárazm-sháh dynasty -- pt. 3. Containing the history of Mangú Qáá̓n, Húlágú and the Ismáʿílís. |
| 600 00 - SUBJECT ADDED ENTRY--PERSONAL NAME | |
| Personal name | Genghis Khan, |
| Dates associated with a name | 1162-1227. |
| 650 #0 - SUBJECT ADDED ENTRY--TOPICAL TERM | |
| Topical term or geographic name as entry element | Mongols |
| General subdivision | History. |
| 9 (RLIN) | 77940 |
| 700 1# - ADDED ENTRY--PERSONAL NAME | |
| Personal name | Qazvīnī, Muḥammad, |
| Dates associated with a name | 1877-1949. |
| 830 #0 - SERIES ADDED ENTRY--UNIFORM TITLE | |
| Volume number/sequential designation | v. 16. |
| 830 #0 - SERIES ADDED ENTRY--UNIFORM TITLE | |
| Uniform title | "E.J.W. Gibb memorial" series ; |
| 942 ## - ADDED ENTRY ELEMENTS (KOHA) | |
| Source of classification or shelving scheme | Dewey Decimal Classification |
| Koha item type | Books |
| Lost status | Source of classification or shelving scheme | Damaged status | Not for loan | Collection code | Permanent Location | Current Location | Shelving location | Date acquired | Source of acquisition | Cost, normal purchase price | Total Checkouts | Full call number | Date last seen | Copy number | Koha item type |
|---|---|---|---|---|---|---|---|---|---|---|---|---|---|---|---|
| Dewey Decimal Classification | Added to bundle | Non-fiction | Central Library, University of Rajshahi | Central Library, University of Rajshahi | Reading Room | 03/04/1963 | Zeitlinger | 70.00 | 951.7 JUT V-16 1952 | 19/03/2014 | C-1 | Books |